[Event "Asia zt 3.2 (Women)"]
[Site "Dhaka"]
[Date "2023.05.09"]
[Round "8"]
[White "Mehak, Gul"]
[Black "Omnia Binta Yusuf, Lubaba"]
[Result "1/2-1/2"]
[WhiteElo "1485"]
[BlackElo "1624"]
[PlyCount "155"]
[EventDate "2023.05.02"]
[EventType "tourn"]
[EventRounds "9"]
[EventCountry "BAN"]
[SourceTitle "CBM 215 Extra"]
[Source "ChessBase"]
[SourceDate "2023.09.30"]
[SourceVersion "1"]
[SourceVersionDate "2023.09.30"]
[SourceQuality "1"]

1. e4 c6 2. d4 d5 3. exd5 cxd5 4. Bd3 Nc6 5. Nf3 Bg4 6. c3 Nf6 7. 0-0 e6 8. Qb3 Bxf3 9. Qxb7 Qc8 10. Qxc8+ Rxc8 11. gxf3 Bd6 12. Nd2 0-0 13. Nb3 Rb8 14. Kh1 Nh5 15. Rg1 Ne7 16. Be3 Ng6 17. Bxg6 fxg6 18. f4 Bxf4 19. Rae1 Bxe3 20. fxe3 Rf2 21. Rg2 Rbf8 22. Nc5 Rf1+ 23. Rxf1 Rxf1+ 24. Rg1 Rf2 25. Rb1 Kf7 26. e4 Nf6 27. Kg1 Re2 28. e5 Ng4 29. h3 Ne3 30. a4 g5 31. Nd3 Rd2 32. Nf2 Rc2 33. Nd3 Rd2 34. Nf2 Rc2 35. Nd3 Nc4 36. b3 Rxc3 37. bxc4 Rxd3 38. cxd5 exd5 39. Rb7+ Kg6 40. e6 Rxd4 41. Rxa7 Re4 42. e7 d4 43. Rd7 Kf7 44. a5 Re1+ 45. Kf2 Ra1 46. e8Q+ Kxe8 47. Rxg7 Rxa5 48. Rxh7 Re5 49. Ra7 Re3 50. Ra4 Rxh3 51. Rxd4 Ke7 52. Kg2 Rb3 53. Rd5 Kf6 54. Ra5 Kg6 55. Ra8 Kh5 56. Rh8+ Kg4 57. Rg8 Rb2+ 58. Kg1 Kh4 59. Rg7 g4 60. Rf7 Kg3 61. Rf1 Rg2+ 62. Kh1 Rf2 63. Rc1 Re2 64. Rf1 Kh3 65. Rb1 g3 66. Kg1 Rg2+ 67. Kh1 Rd2 68. Kg1 Rd3 69. Rc1 g2 70. Ra1 Kg3 71. Rb1 Rf3 72. Ra1 Re3 73. Rb1 Kf3 74. Ra1 Rd3 75. Rb1 Rc3 76. Ra1 Rd3 77. Rb1 Rc3 78. Ra1 1/2-1/2

[Event "Asia zt 3.2 (Women)"]
[Site "Dhaka"]
[Date "2023.05.07"]
[Round "6"]
[White "Parveen, Tanima"]
[Black "Omnia Binta Yusuf, Lubaba"]
[Result "1/2-1/2"]
[WhiteElo "1961"]
[BlackElo "1624"]
[PlyCount "32"]
[EventDate "2023.05.02"]
[EventType "tourn"]
[EventRounds "9"]
[EventCountry "BAN"]
[SourceTitle "CBM 215 Extra"]
[Source "ChessBase"]
[SourceDate "2023.09.30"]
[SourceVersion "1"]
[SourceVersionDate "2023.09.30"]
[SourceQuality "1"]

1. e4 c6 2. Nf3 d5 3. Nc3 dxe4 4. Nxe4 Nf6 5. Qe2 Bf5 6. d3 e6 7. Nxf6+ gxf6 8. Nh4 Bg6 9. g3 Nd7 10. Bg2 Be7 11. 0-0 f5 12. Nf3 Bh5 13. d4 Qc7 14. Qc4 0-0-0 15. Qb3 Bxf3 16. Bxf3 h5 1/2-1/2

[Event "BAN-ch rapid"]
[Site "Sheik"]
[Date "2023.02.25"]
[Round "5"]
[White "Wadifa, Ahmed"]
[Black "Omnia Binta Yusuf, Lubaba"]
[Result "1/2-1/2"]
[WhiteElo "1756"]
[BlackElo "1585"]
[PlyCount "112"]
[EventDate "2023.02.25"]
[EventType "swiss (rapid)"]
[EventRounds "7"]
[EventCountry "BAN"]
[SourceTitle "EXT 2024"]
[Source "ChessBase"]
[SourceDate "2023.10.10"]
[SourceVersion "1"]
[SourceVersionDate "2023.10.10"]
[SourceQuality "1"]

1. e4 e6 2. d4 d5 3. Nd2 c5 4. Ngf3 Nc6 5. exd5 exd5 6. dxc5 Bxc5 7. Bd3 Nf6 8. 0-0 0-0 9. Nb3 Bd6 10. c3 h6 11. h3 Re8 12. Be3 Ne5 13. Nbd4 Nxd3 14. Qxd3 Bd7 15. Rad1 Qc7 16. Nf5 Bxf5 17. Qxf5 Be5 18. Nxe5 Qxe5 19. Qxe5 Rxe5 20. Rd3 b5 21. Rfd1 a6 22. Kf1 Rd8 23. Bd4 Re6 24. Bxf6 Rxf6 25. Rxd5 Rxd5 26. Rxd5 Re6 27. Rd8+ Kh7 28. Rd4 Kg6 29. a4 bxa4 30. Rxa4 Rb6 31. b4 Rc6 32. Ra3 Kf5 33. Ke2 Ke5 34. Ra5+ Ke6 35. g3 Rxc3 36. Rxa6+ Ke7 37. b5 Rb3 38. b6 g6 39. Ra7+ Kd6 40. b7 Kc7 41. b8Q+ Kxb8 42. Rxf7 Rb6 43. Ke3 Kc8 44. Rh7 g5 45. f4 Rb3+ 46. Kf2 gxf4 47. gxf4 Rxh3 48. Kg2 Rh5 49. Kg3 Kd8 50. Kg4 Rh1 51. f5 Ke8 52. f6 Kf8 53. Kf5 Rf1+ 54. Kg6 Rg1+ 55. Kxh6 Rh1+ 56. Kg6 Rxh7 1/2-1/2

[Event "Dhaka Metropolis op U2100"]
[Site "Dhaka"]
[Date "2022.10.22"]
[Round "6"]
[White "Omnia Binta Yusuf, Lubaba"]
[Black "Md, Hasan"]
[Result "0-1"]
[WhiteElo "1678"]
[BlackElo "1795"]
[PlyCount "114"]
[EventDate "2022.10.17"]
[EventType "swiss"]
[EventRounds "9"]
[EventCountry "BAN"]
[SourceTitle "EXT 2024"]
[Source "ChessBase"]
[SourceDate "2023.10.10"]
[SourceVersion "1"]
[SourceVersionDate "2023.10.10"]
[SourceQuality "1"]

1. e4 d5 2. exd5 Nf6 3. d4 Nxd5 4. c4 Nb4 5. Qa4+ N8c6 6. a3 Na6 7. d5 Nc5 8. Qb5 e6 9. dxc6 b6 10. Nc3 a6 11. Qb4 Nd3+ 12. Bxd3 Bxb4 13. axb4 Qxd3 14. b5 Qxc4 15. Nge2 e5 16. 0-0 0-0 17. Rd1 Bf5 18. Ng3 Bc2 19. Rd2 axb5 20. Rxa8 Rxa8 21. Nd5 Bb3 22. Ne2 Qxd5 23. Rxd5 Bxd5 24. f3 Bxc6 25. Bd2 Ra2 26. Bc3 f6 27. Ng3 b4 28. Bxb4 Rxb2 29. Be7 Bd5 30. Bd8 c5 31. Nf5 Kf7 32. Bc7 g6 33. Ne3 Ke6 34. Ng4 h5 35. Ne3 f5 36. g4 Bxf3 37. gxf5+ gxf5 38. Nc4 Rg2+ 39. Kf1 e4 40. Bxb6 Kd5 41. Ne3+ Kc6 42. Nxg2 Bxg2+ 43. Kxg2 Kxb6 44. Kg3 c4 45. Kh4 c3 46. Kxh5 c2 47. Kg6 c1Q 48. h4 Qf4 49. h5 Qg4+ 50. Kh6 Kc7 51. Kh7 Kd7 52. h6 Qh5 53. Kg7 Ke7 54. Kg8 Qg6+ 55. Kh8 Qxh6+ 56. Kg8 Qg5+ 57. Kh8 Kf7 0-1

[Event "BAN-chT2"]
[Site "Dhaka"]
[Date "2022.07.18"]
[Round "1.2"]
[White "Chanu, Miah"]
[Black "Omnia Binta Yusuf, Lubaba"]
[Result "1-0"]
[WhiteElo "1902"]
[BlackElo "1651"]
[PlyCount "146"]
[EventDate "2022.07.18"]
[EventType "team-swiss"]
[EventRounds "9"]
[EventCountry "BAN"]
[SourceTitle "EXT 2023"]
[Source "ChessBase"]
[SourceDate "2022.10.05"]
[SourceVersion "1"]
[SourceVersionDate "2022.10.05"]
[SourceQuality "1"]
[WhiteTeam "Morning Glory"]
[BlackTeam "Debonair"]
[WhiteTeamCountry "BAN"]
[BlackTeamCountry "BAN"]

1. e4 c5 2. Nf3 e6 3. d4 cxd4 4. Nxd4 Nf6 5. Nc3 Bb4 6. Qd3 Nc6 7. Bd2 0-0 8. Nxc6 bxc6 9. e5 Bxc3 10. Bxc3 Nd5 11. Bd2 Qc7 12. f4 Rb8 13. b3 f6 14. c4 Nb4 15. Bxb4 Rxb4 16. Qc3 c5 17. 0-0-0 a5 18. Bd3 a4 19. Bc2 axb3 20. axb3 Rb7 21. Rhf1 Ra7 22. Qd3 g6 23. Qc3 f5 24. Rd6 Bb7 25. Rfd1 Bc6 26. Kd2 Ra2 27. Ke1 Rfa8 28. Kf2 Qd8 29. Kg3 Qf8 30. R1d2 Qh6 31. h4 Qf8 32. Qe3 Qb8 33. Kh3 Qb4 34. g4 R8a3 35. R6d3 fxg4+ 36. Kxg4 Rb2 37. Bd1 Rxd2 38. Qxd2 Qb7 39. h5 Qc8 40. hxg6 hxg6 41. Qf2 Qf8 42. Kg3 Qf5 43. Rd6 g5 44. fxg5 Qxg5+ 45. Kh3 Qxe5 46. Rd3 Qf5+ 47. Qxf5 exf5 48. Kg3 Kf7 49. Kf4 Kf6 50. Rd6+ Ke7 51. Rd2 Be4 52. Ke5 Ra6 53. Kf4 Rb6 54. Re2 Kf6 55. Re3 Rd6 56. Bf3 Bc2 57. Bd5 Rb6 58. Rh3 Rxb3 59. Rh6+ Ke7 60. Rh7+ Kd6 61. Rh6+ Kc7 62. Rh2 Rc3 63. Ke5 Re3+ 64. Kf4 Rc3 65. Ke5 Bb3 66. Kxf5 Bxc4 67. Be4 Bd3 68. Ke5 Bxe4 69. Kxe4 Kc6 70. Rd2 d6 71. Rd1 Rh3 72. Rd2 Rh4+ 73. Ke3 c4 1-0

[Event "Dhaka Laila Alam Cup (Women) 12th"]
[Site "Dhaka"]
[Date "2022.05.11"]
[Round "7"]
[White "Israt, Jahan Diba"]
[Black "Omnia Binta Yusuf, Lubaba"]
[Result "1-0"]
[WhiteElo "1757"]
[BlackElo "1652"]
[PlyCount "83"]
[EventDate "2022.05.05"]
[EventType "swiss"]
[EventRounds "7"]
[EventCountry "BAN"]
[SourceTitle "CBM 208 Extra"]
[Source "ChessBase"]
[SourceDate "2022.07.31"]
[SourceVersion "1"]
[SourceVersionDate "2022.07.31"]
[SourceQuality "1"]

1. e4 c6 2. d4 d5 3. Nc3 dxe4 4. Nxe4 Nf6 5. Nxf6+ exf6 6. Bf4 Bf5 7. c3 Be7 8. Bd3 Bg6 9. Ne2 Nd7 10. Ng3 0-0 11. 0-0 Re8 12. Nf5 Nf8 13. h4 Ne6 14. Be3 c5 15. Nxe7+ Qxe7 16. d5 Bxd3 17. Qxd3 Nf8 18. d6 Qe5 19. Rad1 b6 20. Qd5 Qxd5 21. Rxd5 Nd7 22. Rc1 Re5 23. Rxe5 fxe5 24. f4 f6 25. b4 c4 26. Kf2 Kf7 27. f5 a5 28. b5 Rc8 29. Rd1 g6 30. g4 gxf5 31. gxf5 e4 32. Bd4 Re8 33. a4 e3+ 34. Bxe3 Rxe3 35. Kxe3 Ke8 36. Kd4 Nc5 37. Re1+ Kd7 38. Kd5 Nxa4 39. Re7+ Kd8 40. Kc6 Nc5 41. Rxh7 Ke8 42. d7+ 1-0

[Event "Dhaka Laila Alam Cup (Women) 12th"]
[Site "Dhaka"]
[Date "2022.05.09"]
[Round "5"]
[White "Kazi Zarin, Tasnim"]
[Black "Omnia Binta Yusuf, Lubaba"]
[Result "1/2-1/2"]
[WhiteElo "1899"]
[BlackElo "1652"]
[PlyCount "159"]
[EventDate "2022.05.05"]
[EventType "swiss"]
[EventRounds "7"]
[EventCountry "BAN"]
[SourceTitle "CBM 208 Extra"]
[Source "ChessBase"]
[SourceDate "2022.07.31"]
[SourceVersion "1"]
[SourceVersionDate "2022.07.31"]
[SourceQuality "1"]

1. e4 c6 2. d4 d5 3. exd5 cxd5 4. Bd3 Nc6 5. c3 Nf6 6. Bf4 e6 7. Nf3 Bd6 8. Bxd6 Qxd6 9. 0-0 0-0 10. Re1 b6 11. Nbd2 Bb7 12. Ne5 a5 13. Qe2 Nb8 14. Ng4 Nbd7 15. Nxf6+ Nxf6 16. Nf3 Rfb8 17. Ne5 Qc7 18. Rac1 Qe7 19. Qf3 a4 20. Re3 Ne4 21. Qe2 Qe8 22. Bb5 Qd8 23. Nc6 Bxc6 24. Bxc6 Ra7 25. Bb5 Qg5 26. Bd3 Nd6 27. Re1 b5 28. Rg3 Qf6 29. Rh3 g6 30. Qc2 Rc7 31. Rf3 Qg7 32. Qd2 Nc4 33. Qf4 Rcb7 34. b3 axb3 35. axb3 Na5 36. b4 Nc6 37. Qd6 Na7 38. Ra1 Nc8 39. Qd8+ Qf8 40. Qg5 Ra7 41. Rxa7 Nxa7 42. h4 Rc8 43. h5 Rxc3 44. hxg6 hxg6 45. Rh3 Nc6 46. Qd2 Rb3 47. Qg5 Qg7 48. Qc1 Ne7 49. Qc5 Qf8 50. Qxb5 Qc8 51. Rg3 Qc1+ 52. Kh2 Qh6+ 53. Rh3 Qf4+ 54. Kg1 Qc1+ 55. Kh2 Qf4+ 56. Kg1 Qc1+ 57. Bf1 Rxh3 58. gxh3 Qg5+ 59. Kh1 Nf5 60. Qb8+ Kh7 61. Qe5 Qh5 62. Qf6 Kg8 63. b5 Qf3+ 64. Kg1 Qb3 65. Qd8+ Kg7 66. Qc7 Nh4 67. b6 Nf3+ 68. Kg2 Nh4+ 69. Kh2 Nf3+ 70. Kh1 Qd1 71. Kg2 Nh4+ 72. Kg1 Nf3+ 73. Kg2 Nh4+ 74. Kg1 Nf3+ 75. Kg2 Nh4+ 76. Kg1 Qb3 77. Qg3 Kh7 78. Kh1 Nf5 79. Qc7 Qf3+ 80. Kg1 1/2-1/2

[Event "BAN-ch U20 Girls"]
[Site "Dhaka"]
[Date "2022.02.17"]
[Round "3"]
[White "Omnia Binta Yusuf, Lubaba"]
[Black "Tasfia, Tahsin Prima"]
[Result "1-0"]
[WhiteElo "1578"]
[BlackElo "1423"]
[PlyCount "45"]
[EventDate "2022.02.15"]
[EventType "swiss"]
[EventRounds "9"]
[EventCountry "BAN"]
[SourceTitle "CBM 207 Extra"]
[Source "ChessBase"]
[SourceDate "2022.05.31"]
[SourceVersion "1"]
[SourceVersionDate "2022.05.31"]
[SourceQuality "1"]

1. e4 e5 2. Nf3 Nc6 3. Bb5 Bc5 4. c3 Nge7 5. 0-0 d5 6. Nxe5 0-0 7. Bxc6 Nxc6 8. Nxc6 bxc6 9. d4 Bb6 10. exd5 cxd5 11. Qf3 f5 12. Bf4 c6 13. Qg3 Rf7 14. Nd2 Bc7 15. Bxc7 Rxc7 16. Nf3 a5 17. Rfe1 Bd7 18. Qd6 Qc8 19. Re7 Raa7 20. Rae1 c5 21. Rxg7+ Kxg7 22. Re7+ Kg8 23. Qh6 1-0

[Event "BAN-ch (Women)"]
[Site "Dhaka"]
[Date "2022.01.03"]
[Round "6"]
[White "Omnia Binta Yusuf, Lubaba"]
[Black "Afrin Jahan, Munia"]
[Result "1-0"]
[WhiteElo "1439"]
[BlackElo "1651"]
[PlyCount "61"]
[EventDate "2021.12.29"]
[EventType "swiss"]
[EventRounds "11"]
[EventCountry "BAN"]
[SourceTitle "EXT 2023"]
[Source "ChessBase"]
[SourceDate "2022.10.05"]
[SourceVersion "1"]
[SourceVersionDate "2022.10.05"]
[SourceQuality "1"]

1. e4 c5 2. c3 Nc6 3. d4 cxd4 4. cxd4 d5 5. exd5 Qxd5 6. Be3 e6 7. Nc3 Qa5 8. Nf3 Nf6 9. Bc4 Bb4 10. Bd2 a6 11. a3 Bxc3 12. Bxc3 b5 13. Bxa5 Nxa5 14. Ba2 Bb7 15. b4 Nc6 16. Qe2 Rd8 17. Rd1 0-0 18. 0-0 Nd5 19. Bb1 Nce7 20. Rc1 Nf4 21. Qc2 Nf5 22. Qd2 Nxd4 23. Nxd4 Rxd4 24. Qb2 Rfd8 25. Rfe1 Nxg2 26. Qc2 g6 27. Red1 Rxd1+ 28. Rxd1 Rc8 29. Qxc8+ Bxc8 30. Rd8+ Kg7 31. Rxc8 1-0

[Event "BAN-ch (Women)"]
[Site "Dhaka"]
[Date "2022.01.02"]
[Round "5"]
[White "Jahan, Dilara Nupur"]
[Black "Omnia Binta Yusuf, Lubaba"]
[Result "1/2-1/2"]
[WhiteElo "1741"]
[BlackElo "1439"]
[PlyCount "135"]
[EventDate "2021.12.29"]
[EventType "swiss"]
[EventRounds "11"]
[EventCountry "BAN"]
[SourceTitle "EXT 2023"]
[Source "ChessBase"]
[SourceDate "2022.10.05"]
[SourceVersion "1"]
[SourceVersionDate "2022.10.05"]
[SourceQuality "1"]

1. e4 d5 2. exd5 Qxd5 3. Nc3 Qa5 4. h3 Nf6 5. Nf3 c6 6. Bc4 Bf5 7. 0-0 e6 8. Re1 Bb4 9. Nd4 Bg6 10. a3 Bxc3 11. dxc3 0-0 12. Nb3 Qc7 13. Qe2 Nbd7 14. Bg5 Nd5 15. Rad1 N7b6 16. Bd3 Bxd3 17. cxd3 Rfe8 18. c4 Nf4 19. Qg4 Ng6 20. Nc5 Nd7 21. Nxd7 Qxd7 22. d4 h6 23. Bc1 Rad8 24. h4 Kh7 25. h5 Ne7 26. b4 b5 27. c5 Nd5 28. Qe4+ Kg8 29. Qg4 Nf6 30. Qe2 Qd5 31. g4 Rd7 32. f3 Qb3 33. Kf2 Nd5 34. Qb2 Qxb2+ 35. Bxb2 a5 36. bxa5 Ra7 37. Kg3 Rxa5 38. Rd3 Rea8 39. Rb3 Ra4 40. Re5 Rc4 41. Re1 Kh7 42. Rc1 Raa4 43. Rd3 Rxc1 44. Bxc1 g6 45. hxg6+ Kxg6 46. Bb2 Rc4 47. Rb3 h5 48. gxh5+ Kxh5 49. f4 Ra4 50. Kf3 Kg6 51. Ke4 Kf6 52. Bc1 Rc4 53. Bd2 Ra4 54. Be1 Ke7 55. Rd3 f6 56. Rh3 Kf7 57. Rh7+ Kg6 58. Rh3 Kf7 59. Rb3 Kg6 60. Bb4 Ra8 61. Rg3+ Kf7 62. f5 exf5+ 63. Kxf5 Re8 64. Rh3 Ne3+ 65. Kf4 Nd5+ 66. Kf5 Ne3+ 67. Kf4 Nd5+ 68. Kf5 1/2-1/2